| 000 | 00553nam a2200169Ia 4500 | ||
|---|---|---|---|
| 008 | 260520s2025 xx 000 0 und d | ||
| 020 | _a978-93-84642-48-2 | ||
| 041 | _amar | ||
| 082 | _a301.954/BHA | ||
| 100 | _aभगत, राहुल | ||
| 245 | _aभारतीय समाजातील सांस्कृतिक प्रश्न | ||
| 250 | _a1st ed | ||
| 260 |
_aऔरंगाबाद _bश्री साईसागर प्रकाशन _c2025 |
||
| 300 | _a286p. | ||
| 500 | _aCat No: 15173 | ||
| 650 | _aSOCIOLOGY | ||
| 999 |
_c1221899 _d1221899 |
||